| 000 | 01603nam a2200409 a 4500 | ||
|---|---|---|---|
| 001 | ebr10671318 | ||
| 003 | CaPaEBR | ||
| 006 | m u | ||
| 007 | cr cn||||||||| | ||
| 008 | 091124s2010 nyuab sb 001 0 eng d | ||
| 010 | _z 2009046500 | ||
| 020 | _z9781608768905 (hardcover) | ||
| 020 | _z1608768902 (hardcover) | ||
| 020 | _z9781613241738 (e-book) | ||
| 040 |
_aCaPaEBR _cCaPaEBR |
||
| 035 | _a(OCoLC)730517935 | ||
| 043 | _an-us-ak | ||
| 050 | 1 | 4 |
_aHV551.4.A4 _bA43 2010eb |
| 082 | 0 | 4 |
_a363.34/921809798 _222 |
| 245 | 0 | 0 |
_aAlaskan native villages threatened by erosion _h[electronic resource] / _cRussell M. Trevino, editor. |
| 260 |
_aNew York : _bNova Science Publishers, _cc2010. |
||
| 300 |
_axviii, 156 p. : _bill., maps. |
||
| 490 | 1 | _aEnvironmental science, engineering and technology | |
| 504 | _aIncludes bibliographical references and index. | ||
| 533 |
_aElectronic reproduction. _bPalo Alto, Calif. : _cebrary, _d2013. _nAvailable via World Wide Web. _nAccess may be limited to ebrary affiliated libraries. |
||
| 650 | 0 |
_aEmergency management _zAlaska. |
|
| 650 | 0 |
_aRelocation (Housing) _zAlaska. |
|
| 650 | 0 |
_aErosion _zAlaska. |
|
| 650 | 0 |
_aFloods _zAlaska. |
|
| 650 | 0 |
_aVillages _zAlaska. |
|
| 650 | 0 |
_aAlaska natives _xGovernment relations. |
|
| 655 | 7 |
_aElectronic books. _2local |
|
| 700 | 1 | _aTrevino, Russell M. | |
| 710 | 2 | _aebrary, Inc. | |
| 830 | 0 | _aEnvironmental science, engineering and technology series. | |
| 856 | 4 | 0 |
_uhttp://site.ebrary.com/lib/rucke/Doc?id=10671318 _zAn electronic book accessible through the World Wide Web; click to view |
| 999 |
_c62421 _d62421 |
||